Datum a čas kvízu
30
Celkem bodů
Celkový počet nahraných bodů na tomto kvízu bez doplňovacích otázek.
5.
Pořadí na kvízu
Konečné umístění týmu na tomto kvízu.
Zaznamenané odpovědi
| # | Otázka | Odpověď | Body | Výsledky |
|---|---|---|---|---|
| 1. | Poblíž které jihočeské obce by... | Lety | 0 | |
| 2. | Posádka tureckých nízkonáklado... | Britové | 0 | |
| 3. | Mezinárodní filmový festival K... | Ivan Trojan | 1 | |
| 4. | V pátek se v pražském hotelu M... | mince | 0 | |
| 5. | V pondělí padl unikátní rekord... | USK | 1 | |
| 6. | Sugo all'amatriciana patří mez... | guanciale; pecorino | 1 | |
| 7. | Napište zakrytou značku zobraz... | Kikkoman | 1 | |
| 8. | Když se řekne omáčka, určitě s... | 15 | 1 | |
| 9. | Město Worcester dalo jméno jed... | C; čertovo lejno | 0 | |
| 10. | Jak se označuje tato jednoduch... | velouté | 1 |